000 00326nam a2200133Ia 4500
008 210312s9999||||xx |||||||||||||| ||und||
041 _aosm
050 _aPL248
050 _bT28.B57
100 _aTarhan, Abdülhak Hamit
245 0 _aDuhter-i hindu
260 _c1292
650 _aEdebiyat--Türk edebiyatı--Roman ve hikaye
999 _c22235
_d22235